Reconstructing China : the peaceful development, economic growth and international role of an emerging superpower.

Bibliographic Details
Main Author: Jingzhi, Li
Format: Book
Published: New York: McGraw Hill, 2014.
Subjects:
LEADER 00609cam a2200169 7i4500
001 0000031429
005 20141121090000.0
020 0 0 |a 9780071828604  
090 0 0 |a CHIN 338.951   |b JIN 
100 1 0 |a Jingzhi, Li  
245 1 0 |a Reconstructing China :   |b the peaceful development, economic growth and international role of an emerging superpower. 
260 0 0 |a New York:   |b McGraw Hill,   |c 2014. 
300 # # |a 198 p. 
650 0 0 |a Economic development --   |z China  
651 0 0 |a China --   |x Foreign economic relations  
651 0 0 |a China --   |x Economic policy --   |y 2000  
999 |a B000034746  |b Book  |c Countries  |e Business Information Centre